000 00619nam a2200193 i 4500
001 60747
003 ES-MaACL
005 20250730063107.0
007 t|
008 031106s1979 sp ||||1| spa d
100 1 _aEstornés Lasa, Bernardo,
_d1907-1999
_948183
245 1 3 _aEl cantar de Roncesvalles y otros poemas navarros /
_cBernardo Estornes Lasa.
260 _aSan Sebastián :
_bAuñamendi,
_c[1979]
300 _a216 p. ;
_c19 cm.
490 1 _aColección Auñamendi ;
_v127
830 0 _aColección Auñamendi ;
_v127
_9181019
852 _aES-MaACL
_jA-10931
_bR.99765
999 _c60747
_d60747